[Event "XLIV Memoriał Szachowy Ludwika Zamenhofa 2025, Grupa A"]
[Site "Białystok, Poland"]
[Date "2025.12.27"]
[Round "2.22"]
[White "Kaczmarek, Arkadiusz"]
[Black "Trybus, Daniel"]
[Result "1-0"]
[TimeControl "90'+30\""]
[WhiteElo "2062"]
[BlackElo "2151"]

1. d4 {[%clk 01:30:51]} {[%emt 00:00:06]} d5 {[%clk 01:29:46]} {[%emt
00:01:16]} 2. c4 {[%clk 01:31:10]} {[%emt 00:00:11]} c6 {[%clk 01:30:14]}
{[%emt 00:00:03]} 3. Nf3 {[%clk 01:31:25]} {[%emt 00:00:14]} Nf6 {[%clk
01:30:35]} {[%emt 00:00:09]} 4. Nc3 {[%clk 01:31:26]} {[%emt 00:00:29]} a6
{[%clk 01:30:56]} {[%emt 00:00:09]} 5. cxd5 {[%clk 01:31:08]} {[%emt 00:00:48]}
cxd5 {[%clk 01:30:25]} {[%emt 00:01:01]} 6. Bf4 {[%clk 01:31:22]} {[%emt
00:00:15]} Nc6 {[%clk 01:29:15]} {[%emt 00:01:40]} 7. Ne5 {[%clk 01:31:26]}
{[%emt 00:00:27]} g6 {[%clk 01:21:15]} {[%emt 00:08:30]} 8. e3 {[%clk
01:29:55]} {[%emt 00:02:01]} Bg7 {[%clk 01:21:33]} {[%emt 00:00:12]} 9. Be2
{[%clk 01:28:57]} {[%emt 00:01:27]} O-O {[%clk 01:21:49]} {[%emt 00:00:14]} 10.
O-O {[%clk 01:29:08]} {[%emt 00:00:19]} e6 {[%clk 01:14:51]} {[%emt 00:07:29]}
11. Rc1 {[%clk 01:22:12]} {[%emt 00:07:25]} Ne7 {[%clk 01:09:37]} {[%emt
00:05:45]} 12. Qb3 {[%clk 01:18:05]} {[%emt 00:04:35]} Nf5 {[%clk 01:06:12]}
{[%emt 00:03:57]} 13. Rc2 {[%clk 01:11:40]} {[%emt 00:06:55]} Nd6 {[%clk
01:00:01]} {[%emt 00:06:40]} 14. Na4 {[%clk 01:08:12]} {[%emt 00:03:58]} b5
{[%clk 00:56:02]} {[%emt 00:04:30]} 15. Nc6 {[%clk 00:56:43]} {[%emt 00:11:58]}
Qc7 {[%clk 00:48:47]} {[%emt 00:07:45]} 16. Bxd6 {[%clk 00:55:51]} {[%emt
00:01:23]} Qxd6 {[%clk 00:48:44]} {[%emt 00:00:32]} 17. Nb6 {[%clk 00:56:12]}
{[%emt 00:00:10]} Bb7 {[%clk 00:47:20]} {[%emt 00:01:55]} 18. Nxa8 {[%clk
00:47:19]} {[%emt 00:09:22]} Bxc6 {[%clk 00:47:22]} {[%emt 00:00:29]} 19. Nc7
{[%clk 00:47:38]} {[%emt 00:00:11]} Bb7 {[%clk 00:43:54]} {[%emt 00:03:57]} 20.
Rfc1 {[%clk 00:46:52]} {[%emt 00:01:16]} Nd7 {[%clk 00:40:58]} {[%emt
00:03:25]} 21. a4 {[%clk 00:43:49]} {[%emt 00:03:32]} b4 {[%clk 00:37:38]}
{[%emt 00:03:52]} 22. Bxa6 {[%clk 00:43:17]} {[%emt 00:01:02]} Bxa6 {[%clk
00:37:15]} {[%emt 00:00:53]} 23. Rc6 {[%clk 00:43:30]} {[%emt 00:00:16]} 1-0

[Event "XLIV Memoriał Szachowy Ludwika Zamenhofa 2025, Grupa A"]
[Site "Białystok, Poland"]
[Date "2025.12.27"]
[Round "2.23"]
[White "Karut, Kacper"]
[Black "Wites, Adam"]
[Result "1/2-1/2"]
[TimeControl "90'+30\""]
[WhiteElo "2148"]
[BlackElo "2017"]

1. e4 {[%clk 01:30:58]} {[%emt 00:00:01]} c6 {[%clk 01:30:52]} {[%emt
00:00:09]} 2. d4 {[%clk 01:31:22]} {[%emt 00:00:05]} d5 {[%clk 01:31:17]}
{[%emt 00:00:05]} 3. Nc3 {[%clk 01:31:49]} {[%emt 00:00:03]} dxe4 {[%clk
01:31:41]} {[%emt 00:00:06]} 4. Nxe4 {[%clk 01:32:15]} {[%emt 00:00:05]} Nf6
{[%clk 01:32:04]} {[%emt 00:00:06]} 5. Nxf6+ {[%clk 01:32:41]} {[%emt
00:00:04]} exf6 {[%clk 01:32:27]} {[%emt 00:00:08]} 6. c3 {[%clk 01:33:07]}
{[%emt 00:00:04]} Bd6 {[%clk 01:32:51]} {[%emt 00:00:06]} 7. Bd3 {[%clk
01:33:34]} {[%emt 00:00:03]} O-O {[%clk 01:33:11]} {[%emt 00:00:10]} 8. Qc2
{[%clk 01:34:02]} {[%emt 00:00:02]} Re8+ {[%clk 01:33:25]} {[%emt 00:00:16]} 9.
Ne2 {[%clk 01:34:27]} {[%emt 00:00:05]} h6 {[%clk 01:33:35]} {[%emt 00:00:20]}
10. O-O {[%clk 01:34:50]} {[%emt 00:00:07]} Nd7 {[%clk 01:33:48]} {[%emt
00:00:17]} 11. Be3 {[%clk 01:35:08]} {[%emt 00:00:12]} Nf8 {[%clk 01:33:17]}
{[%emt 00:01:01]} 12. h3 {[%clk 01:32:37]} {[%emt 00:03:01]} Qc7 {[%clk
01:31:48]} {[%emt 00:01:59]} 13. Rae1 {[%clk 01:30:55]} {[%emt 00:02:12]} Bd7
{[%clk 01:30:17]} {[%emt 00:02:01]} 14. c4 {[%clk 01:29:57]} {[%emt 00:01:27]}
Ne6 {[%clk 01:26:33]} {[%emt 00:04:14]} 15. f4 {[%clk 01:26:29]} {[%emt
00:03:58]} Qa5 {[%clk 01:18:05]} {[%emt 00:08:58]} 16. c5 {[%clk 01:06:47]}
{[%emt 00:20:13]} Bb8 {[%clk 01:08:01]} {[%emt 00:10:34]} 17. f5 {[%clk
00:54:59]} {[%emt 00:12:17]} Nf4 {[%clk 00:57:56]} {[%emt 00:10:36]} 18. Bd2
{[%clk 00:43:23]} {[%emt 00:12:06]} Nxe2+ {[%clk 00:57:18]} {[%emt 00:01:08]}
19. Rxe2 {[%clk 00:42:59]} {[%emt 00:00:54]} Rxe2 {[%clk 00:50:19]} {[%emt
00:07:30]} 20. Bxe2 {[%clk 00:35:48]} {[%emt 00:07:40]} Qc7 {[%clk 00:47:52]}
{[%emt 00:02:57]} 21. Bf4 {[%clk 00:35:34]} {[%emt 00:00:43]} Qa5 {[%clk
00:47:15]} {[%emt 00:01:07]} 22. Bd2 {[%clk 00:27:58]} {[%emt 00:08:07]} Qc7
{[%clk 00:47:15]} {[%emt 00:00:29]} 23. Bf4 {[%clk 00:18:30]} {[%emt 00:09:58]}
Qa5 {[%clk 00:47:23]} {[%emt 00:00:23]} 1/2-1/2

[Event "XLIV Memoriał Szachowy Ludwika Zamenhofa 2025, Grupa A"]
[Site "Białystok, Poland"]
[Date "2025.12.27"]
[Round "2.24"]
[White "Serafin, Franciszek"]
[Black "Obukhava, Anastasiya"]
[Result "1/2-1/2"]
[TimeControl "90'+30\""]
[WhiteElo "2033"]
[BlackElo "2146"]

1. Nf3 {[%emt 00:01:20]} Nf6 {[%clk 01:30:21]} {[%emt 00:00:10]} 2. c4 {[%clk
01:30:22]} {[%emt 00:00:18]} b6 {[%clk 01:30:42]} {[%emt 00:00:09]} 3. g3
{[%clk 01:30:08]} {[%emt 00:00:43]} Bb7 {[%clk 01:31:03]} {[%emt 00:00:10]} 4.
Bg2 {[%emt 00:00:12]} e6 {[%clk 01:31:08]} {[%emt 00:00:18]} 5. O-O {[%clk
01:30:44]} {[%emt 00:00:18]} Be7 {[%clk 01:31:24]} {[%emt 00:00:14]} 6. Nc3
{[%clk 01:31:05]} {[%emt 00:00:09]} O-O {[%clk 01:30:33]} {[%emt 00:01:21]} 7.
d4 {[%clk 01:31:09]} {[%emt 00:00:27]} d5 {[%clk 01:26:55]} {[%emt 00:04:08]} 8.
cxd5 {[%clk 01:30:42]} {[%emt 00:00:57]} exd5 {[%clk 01:26:46]} {[%emt
00:00:38]} 9. Qc2 {[%clk 01:30:50]} {[%emt 00:00:23]} Nbd7 {[%clk 01:25:50]}
{[%emt 00:01:25]} 10. Bf4 {[%clk 01:30:49]} {[%emt 00:00:31]} c6 {[%clk
01:26:06]} {[%emt 00:00:15]} 11. Rfd1 {[%clk 01:29:45]} {[%emt 00:01:33]} Re8
{[%clk 01:25:54]} {[%emt 00:00:43]} 12. Rac1 {[%clk 01:27:34]} {[%emt
00:02:40]} h6 {[%clk 01:24:36]} {[%emt 00:01:48]} 13. a3 {[%clk 01:24:54]}
{[%emt 00:03:11]} Nf8 {[%clk 01:21:30]} {[%emt 00:03:36]} 14. Bh3 {[%clk
01:21:29]} {[%emt 00:03:55]} Bd6 {[%clk 01:20:42]} {[%emt 00:01:18]} 15. Bxd6
{[%clk 01:21:36]} {[%emt 00:00:23]} Qxd6 {[%clk 01:21:10]} {[%emt 00:00:02]} 16.
e3 {[%clk 01:21:36]} {[%emt 00:00:30]} Ne6 {[%clk 01:19:09]} {[%emt 00:02:30]}
17. Bg2 {[%clk 01:18:55]} {[%emt 00:03:11]} Rac8 {[%clk 01:18:32]} {[%emt
00:01:08]} 18. Qa4 {[%clk 01:13:11]} {[%emt 00:06:13]} Qb8 {[%clk 01:18:53]}
{[%emt 00:00:10]} 19. Ne2 {[%clk 01:06:36]} {[%emt 00:07:05]} Red8 {[%clk
01:04:48]} {[%emt 00:14:35]} 20. Nf4 {[%clk 00:56:43]} {[%emt 00:10:23]} Nxf4
{[%clk 01:04:38]} {[%emt 00:00:40]} 21. gxf4 {[%emt 00:00:12]} Rd6 {[%clk
00:48:31]} {[%emt 00:16:35]} 22. Ne5 {[%clk 00:56:22]} {[%emt 00:01:11]} Rc7
{[%clk 00:43:36]} {[%emt 00:05:25]} 23. b4 {[%clk 00:56:30]} {[%emt 00:00:23]}
1/2-1/2

[Event "XLIV Memoriał Szachowy Ludwika Zamenhofa 2025, Grupa A"]
[Site "Białystok, Poland"]
[Date "2025.12.28"]
[Round "3.1"]
[White "Piesik, Piotr"]
[Black "Kokoszczynski, Jan"]
[Result "1-0"]
[TimeControl "90'+30\""]
[WhiteElo "2407"]
[BlackElo "2275"]

1. d4 {[%clk 01:30:57]} {[%emt 00:00:02]} Nf6 {[%clk 01:29:32]} {[%emt
00:01:29]} 2. c4 {[%clk 01:30:53]} {[%emt 00:00:34]} e6 {[%clk 01:29:53]}
{[%emt 00:00:08]} 3. Nc3 {[%clk 01:31:16]} {[%emt 00:00:08]} Bb4 {[%clk
01:30:16]} {[%emt 00:00:06]} 4. Bf4 {[%clk 01:30:57]} {[%emt 00:00:49]} O-O
{[%clk 01:29:25]} {[%emt 00:01:21]} 5. e3 {[%clk 01:31:18]} {[%emt 00:00:10]}
d6 {[%clk 01:28:41]} {[%emt 00:01:13]} 6. Bd3 {[%clk 01:30:24]} {[%emt
00:01:24]} Nbd7 {[%clk 01:16:09]} {[%emt 00:13:02]} 7. Nge2 {[%clk 01:27:30]}
{[%emt 00:03:25]} e5 {[%clk 01:11:01]} {[%emt 00:05:37]} 8. Bg5 {[%clk
01:24:32]} {[%emt 00:03:28]} Re8 {[%clk 01:07:01]} {[%emt 00:04:30]} 9. O-O
{[%clk 01:19:26]} {[%emt 00:05:37]} Ba5 {[%clk 00:56:29]} {[%emt 00:11:01]} 10.
Bh4 {[%clk 01:10:27]} {[%emt 00:09:29]} h6 {[%clk 00:48:52]} {[%emt 00:08:07]}
11. f4 {[%clk 00:55:29]} {[%emt 00:15:29]} exd4 {[%clk 00:46:06]} {[%emt
00:03:16]} 12. exd4 {[%clk 00:54:44]} {[%emt 00:01:15]} c6 {[%clk 00:43:05]}
{[%emt 00:03:31]} 13. Ng3 {[%clk 00:41:00]} {[%emt 00:14:14]} Qb6 {[%clk
00:23:54]} {[%emt 00:19:42]} 14. Rf2 {[%clk 00:39:11]} {[%emt 00:02:19]} Bxc3
{[%clk 00:19:18]} {[%emt 00:05:06]} 15. bxc3 {[%clk 00:39:36]} {[%emt
00:00:05]} Qa5 {[%clk 00:17:55]} {[%emt 00:01:52]} 16. Nf5 {[%clk 00:32:02]}
{[%emt 00:08:05]} d5 {[%clk 00:16:28]} {[%emt 00:01:56]} 17. Nd6 {[%clk
00:28:51]} {[%emt 00:03:41]} Re6 {[%clk 00:11:21]} {[%emt 00:05:38]} 18. c5
{[%clk 00:20:22]} {[%emt 00:08:59]} Qxc3 {[%clk 00:06:28]} {[%emt 00:05:22]} 19.
Bf5 {[%clk 00:18:03]} {[%emt 00:02:49]} Rxd6 {[%clk 00:00:40]} {[%emt
00:06:18]} 20. cxd6 {[%clk 00:18:28]} {[%emt 00:00:05]} Qa3 {[%clk 00:00:56]}
{[%emt 00:00:15]} 21. Bxd7 {[%clk 00:16:25]} {[%emt 00:02:33]} Nxd7 {[%clk
00:00:41]} {[%emt 00:00:45]} 22. Be7 {[%clk 00:16:25]} {[%emt 00:00:29]} Nb6
{[%clk 00:00:34]} {[%emt 00:00:38]} 23. f5 {[%clk 00:15:53]} {[%emt 00:01:02]}
Bd7 {[%clk 00:00:35]} {[%emt 00:00:29]} 24. Qg4 {[%clk 00:13:18]} {[%emt
00:03:04]} Re8 {[%clk 00:00:34]} {[%emt 00:00:32]} 25. Rf3 {[%clk 00:11:36]}
{[%emt 00:02:11]} Qb2 {[%clk 00:00:53]} {[%emt 00:00:11]} 26. Raf1 {[%clk
00:11:44]} {[%emt 00:00:22]} Qe2 {[%clk 00:00:41]} {[%emt 00:00:41]} 27. Qh4
{[%clk 00:10:31]} {[%emt 00:01:44]} Qe4 {[%clk 00:00:34]} {[%emt 00:00:38]} 28.
Rf4 {[%clk 00:10:45]} {[%emt 00:00:16]} Qe3+ {[%clk 00:01:02]} {[%emt
00:00:02]} 29. Kh1 {[%clk 00:11:08]} {[%emt 00:00:06]} f6 {[%clk 00:00:41]}
{[%emt 00:00:52]} 30. Rg4 {[%clk 00:06:45]} {[%emt 00:04:53]} Rxe7 {[%clk
00:00:44]} {[%emt 00:00:27]} 31. dxe7 {[%clk 00:07:07]} {[%emt 00:00:08]} Qxe7
{[%clk 00:01:03]} {[%emt 00:00:11]} 32. Qxh6 {[%clk 00:06:22]} {[%emt
00:01:15]} Bxf5 {[%clk 00:00:37]} {[%emt 00:00:55]} 33. Rg3 {[%clk 00:06:38]}
{[%emt 00:00:14]} Nd7 {[%clk 00:00:33]} {[%emt 00:00:35]} 34. h3 {[%clk
00:05:42]} {[%emt 00:01:26]} Be4 {[%clk 00:00:58]} {[%emt 00:00:06]} 35. Qf4
{[%clk 00:05:36]} {[%emt 00:00:34]} b6 {[%clk 00:00:36]} {[%emt 00:00:52]} 36.
Qc7 {[%clk 00:03:59]} {[%emt 00:02:08]} c5 {[%clk 00:00:44]} {[%emt 00:00:22]}
37. dxc5 {[%clk 00:03:40]} {[%emt 00:00:49]} bxc5 {[%clk 00:01:13]} {[%emt
00:00:01]} 38. Rb3 {[%clk 00:03:58]} {[%emt 00:00:12]} Qe6 {[%clk 00:01:39]}
{[%emt 00:00:05]} 39. Kg1 {[%clk 00:04:11]} {[%emt 00:00:16]} d4 {[%clk
00:00:45]} {[%emt 00:01:24]} 40. Re1 {[%clk 00:04:12]} {[%emt 00:00:29]} Qd5
{[%clk 00:00:57]} {[%emt 00:00:18]} 41. Rxe4 {[%clk 00:02:38]} {[%emt
00:02:05]} Qxe4 {[%clk 00:00:51]} {[%emt 00:00:35]} 42. Qxd7 {[%clk 00:03:02]}
{[%emt 00:00:06]} Qe1+ {[%clk 00:01:17]} {[%emt 00:00:03]} 43. Kh2 {[%clk
00:03:28]} {[%emt 00:00:04]} Qe5+ {[%clk 00:01:45]} {[%emt 00:00:03]} 44. Rg3
{[%clk 00:03:53]} {[%emt 00:00:04]} f5 {[%clk 00:02:09]} {[%emt 00:00:06]} 45.
h4 {[%clk 00:04:05]} {[%emt 00:00:18]} Kh7 {[%clk 00:02:32]} {[%emt 00:00:08]}
46. Kh3 {[%clk 00:03:07]} {[%emt 00:01:28]} c4 {[%clk 00:02:57]} {[%emt
00:00:05]} 47. Rg5 {[%clk 00:02:42]} {[%emt 00:00:55]} c3 {[%clk 00:02:57]}
{[%emt 00:00:30]} 48. Rxf5 {[%clk 00:02:42]} {[%emt 00:00:30]} Qe3+ {[%clk
00:02:50]} {[%emt 00:00:38]} 49. g3 {[%clk 00:01:53]} {[%emt 00:01:19]} c2
{[%clk 00:02:05]} {[%emt 00:01:14]} 50. Rh5+ {[%clk 00:02:11]} {[%emt
00:00:12]} Kg8 {[%clk 00:02:33]} {[%emt 00:00:02]} 51. Qc8+ {[%clk 00:02:23]}
{[%emt 00:00:18]} 1-0

[Event "XLIV Memoriał Szachowy Ludwika Zamenhofa 2025, Grupa A"]
[Site "Białystok, Poland"]
[Date "2025.12.28"]
[Round "3.2"]
[White "Terkiewicz, Bruno"]
[Black "Sernecki, Franciszek"]
[Result "1/2-1/2"]
[TimeControl "90'+30\""]
[WhiteElo "2211"]
[BlackElo "2306"]

1. d4 {[%clk 01:29:40]} {[%emt 00:01:20]} Nf6 {[%clk 01:30:38]} {[%emt
00:00:23]} 2. c4 {[%clk 01:30:04]} {[%emt 00:00:06]} e6 {[%clk 01:31:05]}
{[%emt 00:00:03]} 3. g3 {[%clk 01:30:28]} {[%emt 00:00:06]} d5 {[%clk
01:30:07]} {[%emt 00:01:27]} 4. Bg2 {[%clk 01:30:52]} {[%emt 00:00:06]} Nc6
{[%clk 01:29:22]} {[%emt 00:01:15]} 5. Nf3 {[%clk 01:31:12]} {[%emt 00:00:10]}
Bd6 {[%clk 01:28:59]} {[%emt 00:00:54]} 6. O-O {[%clk 01:31:19]} {[%emt
00:00:23]} O-O {[%clk 01:29:22]} {[%emt 00:00:06]} 7. b3 {[%clk 01:31:14]}
{[%emt 00:00:35]} dxc4 {[%clk 01:25:02]} {[%emt 00:04:51]} 8. bxc4 {[%clk
01:31:37]} {[%emt 00:00:06]} e5 {[%clk 01:25:07]} {[%emt 00:00:25]} 9. d5
{[%clk 01:28:01]} {[%emt 00:04:06]} Na5 {[%clk 01:19:08]} {[%emt 00:06:30]} 10.
Qc2 {[%clk 01:27:50]} {[%emt 00:00:41]} b6 {[%clk 01:01:58]} {[%emt 00:17:40]}
11. Bb2 {[%clk 01:27:26]} {[%emt 00:00:53]} Re8 {[%clk 00:52:38]} {[%emt
00:09:49]} 12. e4 {[%clk 01:25:30]} {[%emt 00:02:27]} Ba6 {[%clk 00:48:48]}
{[%emt 00:04:21]} 13. Nbd2 {[%clk 01:25:44]} {[%emt 00:00:16]} c6 {[%clk
00:43:39]} {[%emt 00:05:39]} 14. Rfc1 {[%clk 01:25:40]} {[%emt 00:00:33]} Qc7
{[%clk 00:37:32]} {[%emt 00:06:38]} 15. Bf1 {[%clk 01:18:53]} {[%emt 00:07:16]}
Nd7 {[%clk 00:24:41]} {[%emt 00:13:22]} 16. Nb3 {[%clk 00:59:50]} {[%emt
00:19:32]} Nc5 {[%clk 00:23:52]} {[%emt 00:01:19]} 17. Nxa5 {[%clk 00:58:16]}
{[%emt 00:02:04]} bxa5 {[%clk 00:24:20]} {[%emt 00:00:02]} 18. Nh4 {[%clk
00:52:29]} {[%emt 00:06:16]} Bc8 {[%clk 00:16:12]} {[%emt 00:08:39]} 19. Nf5
{[%clk 00:49:00]} {[%emt 00:03:59]} Bxf5 {[%clk 00:16:15]} {[%emt 00:00:27]} 20.
exf5 {[%clk 00:49:28]} {[%emt 00:00:02]} e4 {[%clk 00:13:07]} {[%emt 00:03:39]}
21. Bd4 {[%clk 00:45:29]} {[%emt 00:04:28]} Rab8 {[%clk 00:11:21]} {[%emt
00:02:16]} 22. Rab1 {[%clk 00:44:38]} {[%emt 00:01:22]} Rb4 {[%clk 00:09:16]}
{[%emt 00:02:35]} 23. a3 {[%clk 00:43:27]} {[%emt 00:01:40]} Rxb1 {[%clk
00:05:32]} {[%emt 00:04:15]} 24. Rxb1 {[%clk 00:43:51]} {[%emt 00:00:05]} a4
{[%clk 00:02:16]} {[%emt 00:03:46]} 25. Be3 {[%clk 00:34:08]} {[%emt 00:10:13]}
Nb3 {[%clk 00:01:38]} {[%emt 00:01:09]} 26. dxc6 {[%clk 00:33:31]} {[%emt
00:01:07]} Bc5 {[%clk 00:01:17]} {[%emt 00:00:51]} 27. Bxc5 {[%clk 00:31:26]}
{[%emt 00:02:34]} Nxc5 {[%clk 00:01:46]} {[%emt 00:00:01]} 28. Qd2 {[%clk
00:31:01]} {[%emt 00:00:55]} Qxc6 {[%clk 00:01:40]} {[%emt 00:00:37]} 29. Qd5
{[%clk 00:30:39]} {[%emt 00:00:51]} Qc7 {[%clk 00:00:43]} {[%emt 00:01:27]} 30.
Rb5 {[%clk 00:30:32]} {[%emt 00:00:37]} Rc8 {[%clk 00:00:37]} {[%emt 00:00:37]}
31. f6 {[%clk 00:29:56]} {[%emt 00:01:06]} a6 {[%clk 00:00:50]} {[%emt
00:00:17]} 32. Rb1 {[%clk 00:30:06]} {[%emt 00:00:19]} gxf6 {[%clk 00:00:34]}
{[%emt 00:00:46]} 33. Bh3 {[%clk 00:29:47]} {[%emt 00:00:50]} Rd8 {[%clk
00:00:33]} {[%emt 00:00:31]} 34. Qh5 {[%clk 00:30:10]} {[%emt 00:00:06]} Qe5
{[%clk 00:00:42]} {[%emt 00:00:21]} 35. Bf5 {[%clk 00:29:58]} {[%emt 00:00:42]}
h6 {[%clk 00:00:44]} {[%emt 00:00:29]} 36. Re1 {[%clk 00:28:33]} {[%emt
00:01:55]} Re8 {[%clk 00:00:33]} {[%emt 00:00:41]} 37. Kg2 {[%clk 00:28:40]}
{[%emt 00:00:22]} Kg7 {[%clk 00:00:35]} {[%emt 00:00:29]} 38. Re3 {[%clk
00:28:41]} {[%emt 00:00:29]} Qd4 {[%clk 00:00:33]} {[%emt 00:00:32]} 39. Qg4+
{[%clk 00:22:44]} {[%emt 00:06:27]} 1/2-1/2

[Event "XLIV Memoriał Szachowy Ludwika Zamenhofa 2025, Grupa A"]
[Site "Białystok, Poland"]
[Date "2025.12.28"]
[Round "3.3"]
[White "Psyk, Radoslaw"]
[Black "Wojdak, Jan"]
[Result "1-0"]
[TimeControl "90'+30\""]
[WhiteElo "2504"]
[BlackElo "2214"]

1. e4 {[%clk 01:22:22]} {[%emt 00:08:38]} c6 {[%clk 01:29:45]} {[%emt
00:01:16]} 2. Nf3 {[%clk 01:21:19]} {[%emt 00:01:34]} d5 {[%clk 01:30:09]}
{[%emt 00:00:05]} 3. Nc3 {[%clk 01:18:10]} {[%emt 00:03:39]} dxe4 {[%clk
01:30:32]} {[%emt 00:00:06]} 4. Nxe4 {[%clk 01:18:39]} {[%emt 00:00:02]} Nf6
{[%clk 01:30:55]} {[%emt 00:00:07]} 5. Qe2 {[%clk 01:19:05]} {[%emt 00:00:04]}
Na6 {[%clk 01:31:20]} {[%emt 00:00:05]} 6. Nxf6+ {[%clk 01:01:15]} {[%emt
00:18:20]} gxf6 {[%clk 01:31:41]} {[%emt 00:00:08]} 7. a3 {[%clk 01:01:28]}
{[%emt 00:00:18]} Nc7 {[%clk 01:31:40]} {[%emt 00:00:31]} 8. g3 {[%clk
01:00:14]} {[%emt 00:01:44]} Bg4 {[%clk 01:22:09]} {[%emt 00:10:00]} 9. Bg2
{[%clk 00:58:48]} {[%emt 00:01:57]} Qd7 {[%clk 01:16:30]} {[%emt 00:06:09]} 10.
b3 {[%clk 00:47:06]} {[%emt 00:12:13]} Ne6 {[%clk 00:50:19]} {[%emt 00:26:39]}
11. Bb2 {[%clk 00:45:02]} {[%emt 00:02:35]} Nd4 {[%clk 00:43:57]} {[%emt
00:06:52]} 12. Bxd4 {[%clk 00:43:19]} {[%emt 00:02:13]} Bxf3 {[%clk 00:44:21]}
{[%emt 00:00:05]} 13. Bxf3 {[%clk 00:43:30]} {[%emt 00:00:20]} Qxd4 {[%clk
00:44:46]} {[%emt 00:00:05]} 14. c3 {[%clk 00:33:51]} {[%emt 00:10:08]} Qe5
{[%clk 00:41:47]} {[%emt 00:03:29]} 15. Be4 {[%clk 00:34:16]} {[%emt 00:00:05]}
O-O-O {[%clk 00:36:26]} {[%emt 00:05:52]} 16. d4 {[%clk 00:34:40]} {[%emt
00:00:06]} Qe6 {[%clk 00:29:43]} {[%emt 00:07:12]} 17. Qf3 {[%clk 00:34:39]}
{[%emt 00:00:32]} f5 {[%clk 00:17:07]} {[%emt 00:13:05]} 18. Qxf5 {[%clk
00:35:02]} {[%emt 00:00:08]} Qxf5 {[%clk 00:17:35]} {[%emt 00:00:02]} 19. Bxf5+
{[%clk 00:35:25]} {[%emt 00:00:07]} e6 {[%clk 00:18:05]} 20. Be4 {[%clk
00:31:54]} {[%emt 00:04:01]} c5 {[%clk 00:17:54]} {[%emt 00:00:41]} 21. dxc5
{[%clk 00:31:45]} {[%emt 00:00:38]} Bxc5 {[%clk 00:17:45]} {[%emt 00:00:39]} 22.
Ke2 {[%clk 00:31:51]} {[%emt 00:00:24]} f5 {[%clk 00:16:41]} {[%emt 00:01:33]}
23. Bf3 {[%clk 00:29:36]} {[%emt 00:02:46]} Rd7 {[%clk 00:15:11]} {[%emt
00:02:00]} 24. Rhd1 {[%clk 00:23:18]} {[%emt 00:06:48]} Rxd1 {[%clk 00:11:22]}
{[%emt 00:04:18]} 25. Rxd1 {[%clk 00:23:46]} {[%emt 00:00:03]} Bxa3 {[%clk
00:10:31]} {[%emt 00:01:21]} 26. b4 {[%clk 00:24:04]} {[%emt 00:00:12]} Bb2
{[%clk 00:09:57]} {[%emt 00:01:04]} 27. Rb1 {[%clk 00:23:47]} {[%emt 00:00:47]}
Ba3 {[%clk 00:09:30]} {[%emt 00:00:57]} 28. Kd2 {[%clk 00:21:49]} {[%emt
00:02:28]} Rd8+ {[%clk 00:09:05]} {[%emt 00:00:56]} 29. Kc2 {[%clk 00:22:14]}
{[%emt 00:00:04]} a5 {[%clk 00:06:08]} {[%emt 00:03:27]} 30. Rb3 {[%clk
00:22:36]} {[%emt 00:00:08]} 1-0

[Event "XLIV Memoriał Szachowy Ludwika Zamenhofa 2025, Grupa A"]
[Site "Białystok, Poland"]
[Date "2025.12.28"]
[Round "3.4"]
[White "Lewtak, Damian"]
[Black "Nasuta, Grzegorz"]
[Result "0-1"]
[TimeControl "90'+30\""]
[WhiteElo "2333"]
[BlackElo "2498"]

1. e4 {[%clk 01:30:58]} c5 {[%clk 01:30:43]} {[%emt 00:00:18]} 2. Nf3 {[%clk
01:31:22]} {[%emt 00:00:05]} d6 {[%clk 01:31:09]} {[%emt 00:00:04]} 3. d4
{[%clk 01:31:48]} {[%emt 00:00:05]} cxd4 {[%clk 01:31:34]} {[%emt 00:00:06]} 4.
Nxd4 {[%clk 01:32:13]} {[%emt 00:00:04]} Nf6 {[%clk 01:31:58]} {[%emt
00:00:06]} 5. Nc3 {[%clk 01:32:39]} {[%emt 00:00:03]} a6 {[%clk 01:32:23]}
{[%emt 00:00:06]} 6. h3 {[%clk 01:33:05]} {[%emt 00:00:04]} e5 {[%clk
01:32:33]} {[%emt 00:00:20]} 7. Nf3 {[%clk 01:33:30]} {[%emt 00:00:05]} h6
{[%clk 01:28:54]} {[%emt 00:04:09]} 8. g4 {[%clk 01:33:52]} {[%emt 00:00:08]}
b5 {[%clk 01:25:07]} {[%emt 00:04:17]} 9. Bg2 {[%clk 01:32:37]} {[%emt
00:01:45]} Bb7 {[%clk 01:23:39]} {[%emt 00:01:58]} 10. a4 {[%clk 01:27:49]}
{[%emt 00:05:18]} b4 {[%clk 01:08:45]} {[%emt 00:15:24]} 11. Nd5 {[%clk
01:27:25]} {[%emt 00:00:54]} Nxd5 {[%clk 01:07:27]} {[%emt 00:01:49]} 12. exd5
{[%clk 01:27:48]} {[%emt 00:00:06]} Nd7 {[%clk 01:07:51]} {[%emt 00:00:06]} 13.
a5 {[%clk 01:21:29]} {[%emt 00:06:50]} Rc8 {[%clk 00:53:33]} {[%emt 00:14:48]}
14. O-O {[%clk 01:17:12]} {[%emt 00:04:46]} Rc5 {[%clk 00:45:28]} {[%emt
00:08:36]} 15. Ra4 {[%clk 01:09:09]} {[%emt 00:08:33]} Bxd5 {[%clk 00:39:39]}
{[%emt 00:06:19]} 16. Rxb4 {[%clk 00:57:43]} {[%emt 00:11:55]} Be7 {[%clk
00:40:05]} {[%emt 00:00:05]} 17. Ra4 {[%clk 00:47:58]} {[%emt 00:10:15]} Bc6
{[%clk 00:39:59]} {[%emt 00:00:36]} 18. Ra1 {[%clk 00:42:04]} {[%emt 00:06:24]}
Rxa5 {[%clk 00:40:22]} {[%emt 00:00:08]} 19. Rxa5 {[%clk 00:42:24]} {[%emt
00:00:09]} Qxa5 {[%clk 00:40:46]} {[%emt 00:00:05]} 20. b3 {[%clk 00:42:38]}
{[%emt 00:00:16]} O-O {[%clk 00:39:13]} {[%emt 00:02:04]} 21. Bb2 {[%clk
00:42:40]} {[%emt 00:00:28]} Rc8 {[%clk 00:36:44]} {[%emt 00:02:59]} 22. Qe2
{[%clk 00:37:47]} {[%emt 00:05:21]} Qa2 {[%clk 00:30:07]} {[%emt 00:07:09]} 23.
c3 {[%clk 00:37:45]} {[%emt 00:00:32]} Qxb3 {[%clk 00:26:15]} {[%emt 00:04:23]}
24. Qxa6 {[%clk 00:37:55]} {[%emt 00:00:19]} Bb7 {[%clk 00:22:57]} {[%emt
00:03:48]} 25. Qa1 {[%clk 00:37:49]} {[%emt 00:00:35]} Nc5 {[%clk 00:20:20]}
{[%emt 00:03:08]} 26. Nd2 {[%clk 00:37:44]} {[%emt 00:00:35]} Qb6 {[%clk
00:19:47]} {[%emt 00:01:01]} 27. Nc4 {[%clk 00:37:38]} {[%emt 00:00:38]} Qb5
{[%clk 00:19:31]} {[%emt 00:00:46]} 28. Bxb7 {[%clk 00:37:55]} {[%emt
00:00:13]} Qxb7 {[%clk 00:19:10]} {[%emt 00:00:51]} 29. Ne3 {[%clk 00:38:02]}
{[%emt 00:00:23]} Nd3 {[%clk 00:17:01]} {[%emt 00:02:39]} 30. Ba3 {[%clk
00:38:23]} {[%emt 00:00:09]} Nf4 {[%clk 00:17:12]} {[%emt 00:00:19]} 31. Kh2
{[%clk 00:38:39]} {[%emt 00:00:13]} Qf3 {[%clk 00:17:29]} {[%emt 00:00:14]} 0-1